Artistes nommés aux NRJ Music Awards 2025 - Statistiques

Statistiques générales
  • Ce quiz a été pris 50 fois
  • Le résultat moyen est 24 sur 69
Statistiques - réponses
Nombre de nomination(s) Catégorie(s) Artiste % Correct
2 Artiste Masculin Francophone - Collab'/Duo Francophone Pierre Garnier
83%
1 Artiste Féminine Francophone Héléna
80%
2 Artiste Masculin Francophone - Concert Francophone Gims
78%
2 Artiste Masculin International - Hit International Damiano David
73%
3 Collab'/Duo International - Social Hit - DJ de l'année David Guetta
73%
3 Collab'/Duo International - Concert Francophone - DJ de l'année DJ Snake
71%
1 Révélation Féminine Francophone Marine
71%
2 Artiste Masculin International - Hit International Ed Sheeran
68%
2 Artiste Masculin Francophone - Concert Francophone Jul
63%
2 Artiste Féminine Internationale - Hit International Lady Gaga
63%
1 Collab'/Duo Francophone Lenie
63%
1 Révélation Féminine Francophone Marguerite
61%
1 Artiste Féminine Francophone Charlotte Cardin
59%
1 Collab'/Duo Francophone Jungeli
59%
1 Collab'/Duo Francophone M Pokora
59%
1 Révélation Masculine Francophone Julien Lieb
54%
1 Artiste Masculin Francophone Kendji Girac
54%
2 Artiste Féminine Francophone - Social Hit Aya Nakamura
49%
1 Concert Francophone Santa
49%
2 Révélation Féminine Francophone - Social Hit Théodora
49%
1 Artiste Masculin Francophone Amir
46%
1 Collab'/Duo International Bruno Mars
41%
1 Révélation Féminine Francophone Linh
41%
1 Artiste Féminine Francophone Louane
41%
1 Collab'/Duo Francophone Vitaa
41%
3 Révélation Internationale - Artiste Masculin International - Hit International Alex Warren
37%
1 Concert Francophone Indochine
37%
2 Collab'/Duo Francophone - Concert Francophone Julien Doré
37%
1 Artiste Féminine Internationale Sabrina Carpenter
37%
1 Révélation Féminine Francophone Miki
34%
2 Collab'/Duo Francophone - Collab'/Duo International Stromae
34%
1 DJ de l'année Calvin Harris
32%
1 Révélation Internationale Katseye
29%
2 Révélation Internationale - Hit International Lola Young
29%
1 Collab'/Duo Francophone Pomme
29%
1 Collab'/Duo International Rosé
29%
1 Artiste Féminine Francophone Vanessa Paradis
29%
1 Artiste Masculin International Benson Boone
27%
2 Révélation Masculine Francophone - Collab'/Duo Francophone Guy2Bezbar
27%
1 Collab'/Duo Francophone Keblack
27%
1 Artiste Féminine Internationale Miley Cyrus
27%
1 Social Hit Bad Bunny
24%
1 Révélation Féminine Francophone Luiza
24%
1 Artiste Masculin Francophone Ridsa
24%
2 Révélation Internationale - Social Hit Doechii
22%
1 Révélation Masculine Francophone DR Yaro
22%
1 DJ de l'année Trinix
22%
1 Collab'/Duo International Céline Dion
20%
2 Artiste Féminine Internationale - Social Hit Chappell Roan
20%
2 Révélation Masculine Francophone - Social Hit Joé Dwét Filé
20%
1 Révélation Masculine Francophone Léman
20%
2 Artiste Masculin International - Hit International Myles Smith
20%
1 Collab'/Duo Francophone Hoshi
17%
1 Artiste Féminine Internationale Doja Cat
15%
1 Collab'/Duo International Enrique Iglesias
15%
1 Collab'/Duo Francophone Superbus
15%
1 Collab'/Duo International Bonnie Tyler
12%
1 Artiste Masculin International J Balvin
12%
1 Artiste Féminine Internationale Karol G
12%
1 Social Hit Kpop Demon Hunters
12%
1 DJ de l'année R3hab
12%
1 Révélation Internationale Sombr
12%
1 Révélation Internationale Gracie Abrams
10%
1 Collab'/Duo International Pitbull
10%
1 Collab'/Duo International IAmChino
7%
1 Collab'/Duo International Paul Kalkbrenner
7%
1 Collab'/Duo International Bipolar Sunshine
5%
1 Collab'/Duo International Hypaton
5%
1 Collab'/Duo International Sebastian Ingrosso
5%
Aucun quiz correspondant
Distribution des résultats
% des personnes avec chaque résultat
Percentile par nombre de réponses
Votre historique - résultats
Vous n’avez pas pris ce quiz